[Event "AUTO-OPEN-3257"]
[Site "http://www.queenalice.com/game.php?id=1283257"]
[Date "2014.5.21"]
[Round "1"]
[White "Capixaba789"]
[Black "eletronicaadriano"]
[Result "1-0"]
[WhiteElo "1835"]
[BlackElo "1292"]

1. e4 e5 2. Bc4 Nf6 3. d4 Nxe4 4. Nf3 exd4 5. O-O d5 6. Bd3 Bg4 7. Re1 c5 8.
Bxe4 dxe4 9. Rxe4+ Be7 10. Rxg4 h5 11. Rxg7 Nc6 12. Rg3 Rc8 13. Bg5 Nb4 14. Bxe7
Qxe7 15. Nbd2 Kf8 16. Nc4 Re8 17. Nce5 d3 18. cxd3 Rd8 19. Qd2 f6 20. Ng6+ Kf7
21. Nxe7 Kxe7 22. Qe3+ Kd6 23. Nh4 Nc2 24. Qf4+ Kc6 25. Qxf6+ Kb5 26. Rc1 Nd4
27. Re3 Rhe8 28. h3 Ne2+ 29. Rxe2 Rxd3 30. Rxe8 Rd2 31. a4+ Kxa4 32. Qf4+ c4 33.
Rxc4+ Kb5 34. Re5+ Kb6 35. Qf6+ Rd6 36. Qxd6# 1-0

[Event "AUTO-OPEN-3257"]
[Site "http://www.queenalice.com/game.php?id=1283258"]
[Date "2014.5.21"]
[Round "1"]
[White "eletronicaadriano"]
[Black "Capixaba789"]
[Result "0-1"]
[WhiteElo "1100"]
[BlackElo "1800"]

1. f4 e5 2. fxe5 d5 3. e3 Nc6 4. d4 Bf5 5. Bb5 a6 6. a4 axb5 7. Qf3 Bxc2 8. Nd2
bxa4 9. e4 dxe4 10. Nh3 exf3 11. gxf3 Qh4+ 12. Nf2 Nxd4 13. Nc4 Nxf3+ 14. Kf1
Qxc4+ 15. Kg2 Nh4+ 16. Kg1 Qd5 17. Bf4 Qg2# 0-1

[Event "AUTO-OPEN-3257"]
[Site "http://www.queenalice.com/game.php?id=1283283"]
[Date "2014.5.21"]
[Round "1"]
[White "eletronicaadriano"]
[Black "Artking"]
[Result "0-1"]
[WhiteElo "1100"]
[BlackElo "2078"]

1. c4 Nf6 2. d4 g6 3. e3 Bg7 4. Nc3 c6 5. h4 h5 6. Nf3 d6 7. a4 Nbd7 8. Ng5 e5
9. dxe5 dxe5 10. b4 e4 11. Qd6 Ng4 12. Qf4 Bxc3+ 13. Bd2 Bxd2+ 14. Kxd2 Nde5+
15. Kc2 Bf5 16. Be2 Nd3 17. Qg3 Qf6 18. Qc7 Qb2+ 19. Kd1 Ngxf2# 0-1

[Event "AUTO-OPEN-3257"]
[Site "http://www.queenalice.com/game.php?id=1283284"]
[Date "2014.5.21"]
[Round "1"]
[White "Artking"]
[Black "eletronicaadriano"]
[Result "1-0"]
[WhiteElo "2080"]
[BlackElo "1100"]

1. e4 e5 2. Nf3 f6 3. d4 Nc6 4. d5 Nce7 5. Nxe5 fxe5 6. Qh5+ g6 7. Qxe5 Nf6 8.
Qxf6 Nxd5 9. Qxh8 Nb4 10. Na3 d5 11. Bh6 Qh4 12. Qxf8+ Kd7 13. O-O-O Qxe4 14.
Bd3 c5 15. Bxe4 Kc7 16. Nb5+ Kb6 17. a4 a6 18. Qd8+ Kc6 19. Qc7# 1-0

[Event "AUTO-OPEN-3257"]
[Site "http://www.queenalice.com/game.php?id=1283285"]
[Date "2014.5.21"]
[Round "1"]
[White "eletronicaadriano"]
[Black "jamba"]
[Result "1-0"]
[WhiteElo "1292"]
[BlackElo "1571"]

1. c4 c5 2. d3 d6 3. Nc3 Nf6 4. e4 g6 5. a4 Bg7 6. Nb5 Qa5+ 7. Bd2 Qc7 8. Nxc7+
Kd7 9. Nxa8 Nh5 10. Nb6+ axb6 11. Qg4+ f5 12. Qh3 Bxb2 13. Rb1 Be5 14. g4 fxg4
15. Qxg4+ Kc7 16. Qg5 Nc6 17. d4 Nxd4 18. Qxe7+ Bd7 19. Qg5 Bxa4 20. Qe7+ Bd7
21. Bh3 Nc2+ 22. Kd1 b5 23. Qxd7+ Kb6 24. Rxb5+ Ka6 25. Qxb7# 1-0

[Event "AUTO-OPEN-3257"]
[Site "http://www.queenalice.com/game.php?id=1283286"]
[Date "2014.5.21"]
[Round "1"]
[White "jamba"]
[Black "eletronicaadriano"]
[Result "0-1"]
[WhiteElo "1567"]
[BlackElo "1180"]

1. d4 d5 2. e3 e6 3. a3 Nf6 4. Bd3 Ng4 5. Qxg4 e5 6. Qg3 c6 7. Qxe5+ Be6 8. Nf3
Nd7 9. Ng5 Nxe5 10. Nxh7 Qa5+ 11. b4 Bxb4+ 12. axb4 Qxa1 13. c3 Nxd3+ 14. Kd2
Qxb1 15. Ng5 a5 16. e4 Nxf2 17. Rf1 axb4 18. Rxf2 Ra2+ 19. Ke3 Qxc1+ 20. Kd3
Qxc3# 0-1

[Event "Invitation"]
[Site "http://www.queenalice.com/game.php?id=1283533"]
[Date "2014.5.22"]
[Round "-"]
[White "Fernandoalves"]
[Black "eletronicaadriano"]
[Result "1-0"]
[WhiteElo "1640"]
[BlackElo "1368"]

1. d4 d5 2. Nc3 c6 3. h3 h6 4. Nf3 b5 5. Bf4 e5 6. Bxe5 Bd6 7. Bxg7 Rh7 8. Be5
b4 9. Nb1 Qa5 10. Qd2 Na6 11. Bxd6 Bf5 12. g4 Be4 13. Rg1 Rd8 14. Bc5 f5 15.
gxf5 Nxc5 16. dxc5 Nf6 17. Ne5 Qxc5 18. Rg6 d4 19. Nd3 Qxf5 20. Rxh6 Rxh6 21.
Qxh6 c5 22. Qh8+ Kd7 23. Qg7+ Ke6 24. Qxa7 c4 25. Qa6+ Rd6 26. Qxc4+ Nd5 27.
Nc5+ Ke5 28. Nxe4 Qxe4 29. Nd2 Qf4 30. Nf3+ Ke6 31. Nxd4+ Kf6 32. a4 Qe4 33. a5
Re6 34. a6 Nb6 35. Qxb4 Rc6 36. Qf8+ Ke5 37. Nxc6+ Kd5 38. Ne7+ Kd4 39. e3+ Ke5
40. Ra5+ Kd6 41. Nc8+ Kc6 42. Qd6# 1-0

[Event "Invitation"]
[Site "http://www.queenalice.com/game.php?id=1285666"]
[Date "2014.6.2"]
[Round "-"]
[White "Fernandoalves"]
[Black "eletronicaadriano"]
[Result "0-1"]
[WhiteElo "1645"]
[BlackElo "1355"]

1. d4 d5 2. h3 Nf6 3. Nc3 Nc6 4. Bf4 Bf5 5. Nb5 e5 6. dxe5 Ne4 7. Rh2 g5 8. Qc1
gxf4 9. Qxf4 Bb4+ 10. c3 Bg6 11. e6 fxe6 12. Nxc7+ Kd7 13. Nxa8 Qxa8 14. cxb4
Nxb4 15. Rc1 Nxa2 16. Rc7+ Kd8 17. Rg7 Qc8 18. e3 Qc1+ 19. Ke2 Qxb2+ 20. Kf3
Qxg7 21. Qb8+ Ke7 22. Qxb7+ Kf6 23. Qb2+ e5 24. g4 Ng5+ 25. Ke2 Qc7 26. Qxa2 Rb8
27. h4 Ne4 28. g5+ Ke6 29. Bh3+ Bf5 30. Qa6+ Rb6 31. Qa5 Rb2+ 32. Kf1 Qxa5 33.
Kg2 Rxf2+ 34. Kh1 Ng3# 0-1

[Event "OS INCLIVEIS"]
[Site "http://www.queenalice.com/game.php?id=1285667"]
[Date "2014.6.2"]
[Round "-"]
[White "adelio"]
[Black "eletronicaadriano"]
[Result "1-0"]
[WhiteElo "1828"]
[BlackElo "1418"]

1. d4 d5 2. e4 dxe4 3. Nc3 Nf6 4. f3 exf3 5. Nxf3 e6 6. a3 a5 7. Bg5 Ne4 8. Bxd8
Kxd8 9. Nxe4 f5 10. Nc5 b6 11. Ne5 Ke8 12. Bb5+ c6 13. Nxc6 Bxc5 14. Nxb8+ Kf7
15. Nc6 Bd6 16. O-O Rd8 17. Nxd8+ Ke7 18. Nc6+ Kf6 19. Bd3 Bd7 20. Qf3 1-0

[Event "Invitation"]
[Site "http://www.queenalice.com/game.php?id=1286103"]
[Date "2014.6.5"]
[Round "-"]
[White "Fernandoalves"]
[Black "eletronicaadriano"]
[Result "1-0"]
[WhiteElo "1645"]
[BlackElo "1418"]

1. e4 e5 2. Bc4 Nf6 3. a3 Nc6 4. Nc3 Nd4 5. Nf3 Bc5 6. Nxe5 O-O 7. h3 Re8 8.
Bxf7+ Kf8 9. Bxe8 Qxe8 10. Nd3 Nxe4 11. O-O Ng5 12. Nxc5 d6 13. Nd5 Bf5 14. Ne3
dxc5 15. d3 Rd8 16. Nxf5 Ne2+ 17. Kh1 Qh5 18. Qe1 Re8 19. f3 Nf4 20. Qc3 Ne2 21.
Qxg7# 1-0

[Event "OS INCLIVEIS"]
[Site "http://www.queenalice.com/game.php?id=1286405"]
[Date "2014.6.6"]
[Round "-"]
[White "eletronicaadriano"]
[Black "adelio"]
[Result "0-1"]
[WhiteElo "1418"]
[BlackElo "1826"]

1. d4 d5 2. Nf3 c5 3. dxc5 Nc6 4. Nc3 Bg4 5. Ng5 h6 6. Nxd5 hxg5 7. e4 Bxd1 8.
Kxd1 e6 9. Bxg5 f6 10. Bb5 exd5 0-1

[Event "Challenge"]
[Site "http://www.queenalice.com/game.php?id=1413155"]
[Date "2016.3.12"]
[Round "-"]
[White "eletronicaadriano"]
[Black "fornery"]
[Result "1-0"]
[WhiteElo "1406"]
[BlackElo "1614"]

1. c4 e5 2. e4 Bb4 3. a3 Bc5 4. b4 Bd4 5. Ra2 f5 6. Nf3 Nc6 7. b5 Qh4 8. Nxh4
Na5 9. Nxf5 g5 10. Qh5+ Kf8 11. Qxg5 d6 12. Qe7+ Nxe7 13. Nh6 Be6 14. Rc2 Kg7
15. d3 Rhf8 16. Bg5 Ng6 17. Be2 Nf4 18. Bg4 Nxd3+ 19. Ke2 Nxf2 20. Bxe6 Nxh1 21.
Nf5+ Kg6 22. Bh6 Rxf5 23. exf5+ Kxh6 24. c5 Bxc5 25. Nc3 c6 26. Rd2 Rg8 27. Bxg8
Kg7 28. Be6 d5 29. Na4 b6 30. bxc6 Nxc6 31. Rxd5 Nd4+ 32. Kd3 Nf2+ 33. Kc4 Kf6
34. g4 Nxg4 35. Nxc5 bxc5 36. Bd7 e4 37. Rd6+ Kg5 38. f6 Nxf6 39. Kxc5 e3 40.
Kxd4 h5 41. h4+ Kg6 42. Bh3 Kf7 43. Re6 Ne8 44. Rxe3 Ng7 45. Rf3+ Kg6 46. Rf8 a5
47. Ke5 a4 48. Bf1 Kh7 49. Kf6 Nf5 50. Bd3 Kh6 51. Rh8# 1-0

[Event "1º Jogo"]
[Site "http://www.queenalice.com/game.php?id=1415920"]
[Date "2016.3.30"]
[Round "-"]
[White "JoseMessias"]
[Black "eletronicaadriano"]
[Result "1-0"]
[WhiteElo "1648"]
[BlackElo "1442"]

1. g3 c5 2. Bg2 a5 3. Nf3 f6 4. O-O Qb6 5. Nc3 e5 6. Nd5 Qa6 7. Nc7+ Kd8 8. Nxa6
bxa6 9. Nh4 Nc6 10. Bxc6 dxc6 11. f4 exf4 12. Rxf4 Ne7 13. Ra4 Bg4 14. Rxg4 f5
15. Ra4 g5 16. Nf3 Nd5 17. Ne5 Bg7 18. Nf7+ Ke7 19. Nxh8 Rxh8 20. Rxa5 Rf8 21.
Rxa6 f4 22. g4 Bd4+ 23. e3 Bg7 24. Rxc6 fxe3 25. dxe3 Be5 26. Qxd5 Rd8 27. Qxe5+
Kf7 28. Qf6+ Ke8 29. Re6+ Kd7 30. Qe7+ Kc8 31. Rc6+ 1-0

[Event "2º Jogo"]
[Site "http://www.queenalice.com/game.php?id=1415921"]
[Date "2016.3.30"]
[Round "-"]
[White "eletronicaadriano"]
[Black "JoseMessias"]
[Result "0-1"]
[WhiteElo "1453"]
[BlackElo "1639"]

1. f4 g6 2. d4 Bg7 3. c3 Nc6 4. Na3 Nf6 5. Nf3 d5 6. e3 Ne4 7. Bd3 Bg4 8. Qb3
Bxf3 9. gxf3 Nd6 10. Qxb7 Nxb7 11. Bb5 Qd6 12. e4 dxe4 13. Nc4 Qd5 14. Ba4 Qxc4
15. Bb3 Qb5 16. c4 Qb4+ 17. Bd2 Qd6 18. fxe4 Nxd4 19. Rd1 Nf3+ 20. Kf2 Nxd2 21.
Ba4+ Kf8 22. e5 Qd4+ 23. Ke2 Rd8 24. Bc6 Qxc4+ 25. Ke1 Qxc6 26. Rxd2 Qc1+ 27.
Rd1 Rxd1+ 28. Kf2 Rxh1 0-1

[Event "Challenge"]
[Site "http://www.queenalice.com/game.php?id=1416090"]
[Date "2016.4.1"]
[Round "-"]
[White "fornery"]
[Black "eletronicaadriano"]
[Result "0-1"]
[WhiteElo "1547"]
[BlackElo "1444"]

1. e4 c5 2. e5 Nc6 3. Nc3 Nxe5 4. Qe2 d6 5. d3 Qa5 6. Bg5 Qb6 7. Bf4 Qxb2 8. Kd2
Qxa1 9. Nf3 g5 10. Bxg5 Bg7 11. g3 Ng4 12. Bg2 Bxc3# 0-1

[Event "Challenge"]
[Site "http://www.queenalice.com/game.php?id=1417200"]
[Date "2016.4.8"]
[Round "-"]
[White "fornery"]
[Black "eletronicaadriano"]
[Result "1-0"]
[WhiteElo "1496"]
[BlackElo "1474"]

1. e4 e5 2. Bc4 c5 3. Qh5 g6 4. Qxe5+ Qe7 5. Qxh8 Qxe4+ 6. Be2 Qxc2 7. Nf3 Qxc1+
8. Bd1 Ne7 9. Nc3 Qxa1 10. Ne4 Nf5 11. O-O d5 12. Ba4+ b5 13. Bxb5+ Bd7 14. Qe5+
Ne7 15. Rxa1 dxe4 16. Qxe4 Nc6 17. Re1 f5 18. Qc4 a6 19. Bxa6 Na5 20. Qe2 f4 21.
Ne5 Rd8 22. Bb5 f3 23. Bxd7+ Rxd7 24. Qb5 Bg7 25. Qxd7+ Kf8 26. Qd8# 1-0

[Event "Challenge"]
[Site "http://www.queenalice.com/game.php?id=1417206"]
[Date "2016.4.8"]
[Round "-"]
[White "Joao_Dias"]
[Black "eletronicaadriano"]
[Result "1-0"]
[WhiteElo "1915"]
[BlackElo "1432"]

1. e3 e5 2. Nf3 f6 3. d3 d5 4. h3 Nc6 5. a3 Nh6 6. b4 Nf5 7. g4 Nh6 8. d4 e4 9.
Nfd2 a5 10. b5 Na7 11. c4 dxc4 12. Qa4 Bb4 13. axb4 Bd7 14. Bxc4 Rf8 15. Ba3
Bxb5 16. Bxb5+ Nxb5 17. Qxb5+ c6 18. Qxb7 f5 19. bxa5 fxg4 20. Qxc6+ Kf7 21.
Qb7+ 1-0

[Event "Challenge"]
[Site "http://www.queenalice.com/game.php?id=1418099"]
[Date "2016.4.13"]
[Round "-"]
[White "fornery"]
[Black "eletronicaadriano"]
[Result "1-0"]
[WhiteElo "1600"]
[BlackElo "1432"]

1. e4 e5 2. Bc4 h5 3. Qf3 Nh6 4. Qxh5 a5 5. Qxe5+ Be7 6. Qxg7 Bf6 7. Qg6 fxg6 8.
d3 Ng4 9. c3 Bh4 10. g3 Rf8 11. gxh4 Nxf2 12. Ne2 Nxh1 13. Bg5 Rf6 14. e5 d5 15.
Bxf6 Qd7 16. Bb3 Qg4 17. Bxd5 b5 18. Bxa8 c6 19. Nd2 Qg2 20. O-O-O Qxe2 21. Rxh1
Nd7 22. Bxc6 Qxd3 23. Ne4 Qf3 24. Nd6+ 1-0